| Tag |
First Indicator |
Second Indicator |
Subfields |
| LEADER |
00000cam a2200000 a 4500 |
| 001 |
in00000077215 |
| 005 |
20151008060559.0 |
| 008 |
810909s1981 inu 00100 eng |
| 010 |
|
|
|a 81081370
|
| 020 |
|
|
|a 0672843854
|
| 035 |
|
|
|a (OCoLC)07595344
|
| 035 |
|
|
|9 AAJ6082AM
|
| 039 |
0 |
|
|a 2
|b 3
|c 3
|d 3
|e 3
|
| 040 |
|
|
|a DLC
|c DLC
|d TXA
|d UtOrBLW
|
| 043 |
|
|
|a n-us---
|
| 049 |
|
|
|a TXAM
|c [1673088]
|
| 050 |
0 |
0 |
|a KF5728
|b .H68
|
| 082 |
0 |
|
|a 344.73/063635
|a 347.30463635
|2 19
|
| 245 |
0 |
0 |
|a Housing and community development :
|b cases and materials /
|c Daniel R. Mandelker [and others].
|
| 264 |
|
1 |
|a Indianapolis :
|b Michie Co. :
|b Bobbs-Merrill Co.,
|c [1981]
|
| 264 |
|
4 |
|c ©1981
|
| 300 |
|
|
|a xxii, 756 pages ;
|c 27 cm. +
|e 1 statutory supplement (90 pages ; 25 cm.)
|
| 336 |
|
|
|a text
|b txt
|2 rdacontent
|
| 337 |
|
|
|a unmediated
|b n
|2 rdamedia
|
| 338 |
|
|
|a volume
|b nc
|2 rdacarrier
|
| 490 |
1 |
|
|a Contemporary legal education series
|
| 500 |
|
|
|a Supplement inserted in pocket.
|
| 500 |
|
|
|a Includes index.
|
| 650 |
|
0 |
|a Housing
|x Law and legislation
|z United States
|x Cases.
|
| 650 |
|
0 |
|a Community development
|x Law and legislation
|z United States
|x Cases.
|
| 700 |
1 |
|
|a Mandelker, Daniel R.
|
| 830 |
|
0 |
|a Contemporary legal education series.
|
| 999 |
|
|
|a MARS
|
| 999 |
f |
f |
|s 7362078f-73d9-308e-b36b-1e97bfaa5d75
|i 8290955e-18c0-35df-8fe7-81eb2a97b274
|t 0
|
| 952 |
f |
f |
|p ric
|a Texas A&M University
|b Rellis Campus
|c Joint Library Facility
|d Remote Storage
|t 0
|e KF5728 .H68
|h Library of Congress classification
|i unmediated -- volume
|m A14806267461
|
| 998 |
f |
f |
|a KF5728 .H68
|t 0
|l Remote Storage
|